Leyendas heroicas de los germanos / (Record no. 185910)

MARC details
000 -LEADER
campo de control de longitud fija 00789nam a2200217 i 4500
001 - NÚMERO DE CONTROL
campo de control 185910
003 - IDENTIFICADOR DE NÚMERO DE CONTROL
campo de control ES-MaACL
005 - FECHA Y HORA DE LA ÚLTIMA TRANSACCIÓN
campo de control 20230906222538.0
008 - DATOS DE LONGITUD FIJA--INFORMACIÓN GENERAL
campo de control de longitud fija 160822s1925 sp |||| | spa d
245 00 - MENCIÓN DEL TÍTULO
Título Leyendas heroicas de los germanos /
Mención de responsabilidad, etc. P. Walters [sic] y C. Petersen ; traducción del alemán por J. Gaos.
260 ## - PUBLICACIÓN, DISTRIBUCIÓN, ETC.
Lugar de publicación, distribución, etc. Madrid :
Nombre del editor, distribuidor, etc. Revista de Occidente,
Fecha de publicación, distribución, etc. 1925.
300 ## - DESCRIPCIÓN FÍSICA
Extensión 187 p. ;
Dimensiones 18 cm.
490 1# - MENCIÓN DE SERIE
Mención de serie Musas lejanas. Mitos, cuentos, leyendas ;
Designación de volumen o secuencia 5
650 #4 - PUNTO DE ACCESO ADICIONAL DE MATERIA--TÉRMINO DE MATERIA
Término de materia o nombre geográfico como elemento de entrada Leyendas-
Subdivisión geográfica Europa septentrional.
9 (RLIN) 160534
700 1# - ENTRADA AGREGADA--NOMBRE PERSONAL
Nombre de persona Wolters, Friedrich (
Fechas asociadas al nombre 1876-1930)
9 (RLIN) 160535
700 1# - ENTRADA AGREGADA--NOMBRE PERSONAL
Nombre de persona Petersen, Carl (
Fechas asociadas al nombre 1885-1942)
9 (RLIN) 160536
700 1# - ENTRADA AGREGADA--NOMBRE PERSONAL
Nombre de persona Gaos, José.
9 (RLIN) 53902
830 1# - PUNTO DE ACCESO ADICIONAL DE SERIE-TÍTULO UNIFORME
Título uniforme Musas lejanas. Mitos, cuentos, leyendas ;
Designación de volumen o secuencia 5
9 (RLIN) 192435
852 ## - LOCALIZACIÓN
Ubicación ES-MaACL
Número de control de estantería C-13753
Holdings
Estatus retirado Estado de pérdida Estado de daño No para préstamo Biblioteca de origen Biblioteca actual Ubicación en estantería Fecha de adquisición Fuente de adquisición Total de préstamos Signatura topográfica completa Código de barras Visto por última vez Precio de reemplazo Tipo de ítem Koha
        Biblioteca del Ateneo de Madrid Biblioteca del Ateneo de Madrid Sala Palomar 22/08/2016     C-13753 1195986 23/02/2023 23/02/2023 Libro impreso